000 00338nam a2200145Ia 4500
005 20250729165502.0
008 250729s2003 xx 000 0 und d
041 _aeng
082 _a425 SHEE
100 _aShepheard John
_9225008
245 _aEnglish Grammer
260 _aEngland
_c2003
300 _a323p
650 _aEnglish
_9225009
999 _c236701
_d236701